00238nam a2200109Ia 4500100002200000654001400022245002800036260002500064082001900089300000800108546001200116 aRing/ Laurence J  amarketing aDecisions in Marketing bBusiness Booksc1984 a658.8bRIN/NEW a829 aENGLISH